| 000 | 00423nam a22001451a 4500 | ||
|---|---|---|---|
| 082 |
_aM 327.540 47 _bANT/S |
||
| 100 |
_aAntony Pulinkunnu _9172135 |
||
| 245 |
_aSoviet Union: _bIndiayude atmasuhruth/ _cby Antony Pulinkunnu. |
||
| 260 |
_aPulinkunnu: _bAntony, _c1987. |
||
| 300 | _a106p. | ||
| 650 |
_aIndia Soviet Relation _9172136 |
||
| 650 |
_aPolitical Science _9172137 |
||
| 650 |
_aSocial Sciences _9172138 |
||
| 942 | _cBK | ||
| 999 |
_c43261 _d43261 |
||